000 00719nam a2200205Ia 4500
003 SEM
005 20230724171702.0
008 141116s1981 ru ||||gr||||||01|||rus|d
040 _aSEM
_cSEM
041 _arus
_hgerm
080 _a930.26(3)/Х-26
100 _aХафнер, Герман
245 _aВыдающиеся портреты античности :
_b337 портретов в слове и образе /
_cГерман Хафнер; Пер. с нем. Г.Б. Сеферьянц
260 _aМосква :
_bПрогресс,
_c1981.
300 _a311 с. ;
_c20 см
650 _a Археология
653 _aՍԷՄ
700 _aСеферьянц, Г.Б.
_eпер.
_4trl
942 _2udc
_cBK
999 _c58726
_d58726